| 000 | 00300nam a2200085Ia 4500 | ||
|---|---|---|---|
| 008 | 220120s9999||||xx |||||||||||||| ||und|| | ||
| 100 |
_aManasa, K.P and Savan, H.A _912226 |
||
| 245 | 0 | _aCan based real time implementation in automobile application | |
| 260 |
_aCoorg Institute of Technology _bPonnampet _c2009 |
||
| 999 |
_c137812 _d137812 |
||